Hungary Country Quiz - Statistics

General Stats
  • This quiz has been taken 44 times
  • The average score is 12 of 20
Answer Stats
Hint Answer % Correct
Number of counties 19
90%
Main Language Hungarian
90%
Borders Austria
87%
Formerly Austria-Hungary
87%
Capital Budapest
83%
Borders Romania
83%
Borders Slovakia
83%
Borders Croatia
77%
Borders Serbia
77%
Borders Slovenia
77%
Borders Ukraine
77%
Currency Forint
57%
Tallest Mountain Kékes
50%
Independent Since 1918
47%
Main Ally Poland
40%
Main Religion Catholicism
37%
Current Leader Viktor Orbán
37%
Main Export Cars
10%
Global Firepower Rating (out of 145) 55
3%
Form of Government Dictatorship
3%
No matching quizzes found
Score Distribution
Percent of People with Each Score
Percentile by Number Answered
Your Score History
You have not taken this quiz